000 00599nam a2200205 4500
001 121283
003 ES-MaACL
005 20230906191727.0
007 t|
008 070214s1934 xxk r ||||1| eng d
100 1 _aPriestley, J. B.
_993870
245 1 0 _aEnglish humour /
_cby J. B. Priestley.
250 _a1st ed., [6ยช reimp.].
260 _aLondon [etc.] :
_bLongmans, Green and C.,
_c1934.
300 _aXI, 180 p. ;
_c18 cm.
490 1 _aThe English heritage series
830 0 _aThe English heritage series
_9218736
852 _aES-MaACL
_jD-463
_bR.29863
999 _c121283
_d121283